• 首页
  • 本馆介绍
  • 公告通知
  • 最新文献
  • 馆藏检索
  • 电子资源
  • 读者导购
  • 参考咨询
  • 我的图书馆
  • 登录
  • 详细信息显示
  • 放入我的书架
  • 预约/预借图书
  • 作者相关作品
  • 分类相关作品
  • 丛书相关作品
  • 出版社相关作品

书目信息

  • 表格格式
  • 工作单格式
  • 卡片格式
题名:
常用中草药彩色图谱
    
 
作者: 柳红芳 , 汪霞 主编
分册:  
出版信息: 沈阳   辽宁科学技术出版社  2020.8
页数: 11,494页
开本: 21cm
丛书名:
单 册:
中图分类: R282.7
科图分类:
主题词: 中草药--图谱
电子资源:
ISBN: 978-7-5381-9991-8
000 00882nam0 2200241 45
001 012001002081
005 20140913102412.0
010    @a978-7-5381-9991-8@dCNY65.00
100    @a20170111d2017 em y0chiy50 ea
101 0  @achi
102    @aCN@b210000
105    @aa z 001yy
106    @ar
200 1  @a常用中草药彩色图谱@Achang yong zhong cao yao cai se tu pu@f柳红芳,汪霞主编
210    @a沈阳@c辽宁科学技术出版社@d2020.8
215    @a11,494页@d21cm
330    @a本书收录品种449种,收录品种包含了《中华人民共和国药典(一部)》及各版本《中药学》教材的绝大部分品种。每一品种的文字介绍全面、简明和实用,这些内容以帮助读者认药、识药、采药、制药、用药的原则选取。
606 0  @a中草药@j图谱
690    @aR282.7@v5
701  0 @a柳红芳@Aliu hong fang@c(女)@4主编
701  0 @a汪霞@Awang xia@c(中药)@4主编
801  0 @aCN@bBJSDL@c20211011
905    @b1338365-8@dR282.7@e586@f4
    
    常用中草药彩色图谱/柳红芳,汪霞主编.-沈阳:辽宁科学技术出版社,2020.8
    11,494页;21cm
    
    
    ISBN 978-7-5381-9991-8:CNY65.00
    本书收录品种449种,收录品种包含了《中华人民共和国药典(一部)》及各版本《中药学》教材的绝大部分品种。每一品种的文字介绍全面、简明和实用,这些内容以帮助读者认药、识药、采药、制药、用药的原则选取。
●
相关链接 在E读中查询图书 在五车中查询图书 在当当中查询图书 在豆瓣中查询图书


正题名:常用中草药彩色图谱     索取号:R282.7/586         预约/预借

序号 登录号 条形码 馆藏地/架位号 状态 备注
1 1338365   213383658   第二样本阅览室/ [索取号:R282.7/586] 在馆    
2 1338366   213383667   第三借阅区/ [索取号:R282.7/586] 在馆    
3 1338367   213383676   第三借阅区/ [索取号:R282.7/586] 在馆    
4 1338368   213383685   第三借阅区/ [索取号:R282.7/586] 在馆    
唐山师范学院图书馆 欢迎您!
大连网信软件有限公司© 版权所有